000 00644nam a2200229Ia 4500
003 OSt
005 20220928151859.0
006 a|||||r|||| 00| 0
007 ta
008 220927b |||||||| |||| 00| 0 eng d
024 _a132015
037 _cTextual
040 _aSDCL
_cSDCL
_beng
041 _2eng
_aeng
082 _aD6,8(B),277:8, P3
100 _aCreveling C.M. Au.
_9518418
245 0 _aDesign for six sigma
_bIn technology and product development
260 _c2003
700 _a Slutsky J.L.
_9518419
942 _hD6,8(B),277:8, P3
_cTEXL
_2CC
999 _c853296
_d853296